Industrial instrumentation safety and management (Record no. 241170)

MARC details
000 -LEADER
fixed length control field 02587nam a22002657a 4500
005 - DATE AND TIME OF LATEST TRANSACTION
control field 20260407164616.0
008 - FIXED-LENGTH DATA ELEMENTS--GENERAL INFORMATION
fixed length control field 260407b |||||||| |||| 00| 0 eng d
020 ## - INTERNATIONAL STANDARD BOOK NUMBER
International Standard Book Number 9789386827890
040 ## - CATALOGING SOURCE
Transcribing agency AL
041 ## - LANGUAGE CODE
Language code of text/sound track or separate title eng
082 ## - DEWEY DECIMAL CLASSIFICATION NUMBER
Classification number 670.42
Item number CHAI
100 ## - MAIN ENTRY--PERSONAL NAME
Personal name Debyendu Chakraborty
100 ## - MAIN ENTRY--PERSONAL NAME
9 (RLIN) 260576
245 ## - TITLE STATEMENT
Title Industrial instrumentation safety and management
260 ## - PUBLICATION, DISTRIBUTION, ETC.
Place of publication, distribution, etc. New Delhi
Name of publisher, distributor, etc. CBS Publishers and Distributors Pvt Ltd
Date of publication, distribution, etc. 2018
300 ## - PHYSICAL DESCRIPTION
Extent x,166p
Other physical details PB
Dimensions 22x14cm
365 ## - TRADE PRICE
Source of price type code Computer Science and Engineering
Price type code VBI-2645
Price amount ₹195.00
Currency code
Unit of pricing ₹260.00
Price note 25%
Price effective from 20-02-2026
520 ## - SUMMARY, ETC.
Summary, etc. Contents<br/>1. Values of Industrial Instrumentation<br/>1.1 Introduction<br/>1.2 Industrial Instrumentation System<br/>1.3 Instruments Identification<br/><br/>1.4 Behavior of Instruments<br/><br/>2. System-based Instrumentation<br/>2.1 Introduction<br/>2.2 Codes, Standards and Units<br/>2.3 Familiarization with the instrument family<br/>2.4 Online Measurements<br/>2.5 Continuous Emission Monitoring System (CEMS)<br/>3. Ethics of Final Control Element<br/>3.1 Introduction<br/>3.2 Categorization of valves<br/>3.3 Diaphragm Control Valve<br/>3.4 Control Valve Factors<br/>3.5 Inherent Flow Characteristics<br/>3.6 Control Valve Accessories<br/>3.7 Operational Summary<br/>3.8 Calibration Procedure<br/>3.9 Troubleshooting<br/>4. Ethical Techniques and Virtual Instrumentation<br/>4.1 Introduction<br/>4.2 Industrial Techniques by Ethical Instrumentation<br/>4.3 Basic of Virtual Instrumentation<br/><br/>4.4 Lab View<br/><br/>5. Instrumentation Network<br/><br/>5.1 Introduction<br/>5.2 Network Topology<br/>5.3 Instrumentation Telemetry<br/>5.4 Telemetric Classifications<br/>5.5 OSI Layers in Networking<br/>5.6 Fixed Cellular Terminal (FCT)<br/>6. Instrument Maintenance and Safety<br/>6.1 Introduction<br/>6.2 Types of Maintenance<br/>6.3 Repair and Failures Interval Nomenclature<br/>6.4 FMEA and RCA<br/>6.5 SIF and SIS<br/>6.6 LOTO (Lock Out Tag Out) System<br/>6.7 HAZOP (Hazard and Operability) Study<br/>7. MIS, IISPM and Material Management<br/>7.1 Introduction<br/>7.2 MIS<br/>7.3 IISPM<br/>7.4 Managematic Engineer<br/>7.5 Material Management<br/>7.6 Recent Implementations in Material Management<br/>8. Instrumentation Project Management<br/>8.1 Introduction<br/>8.2 Cumulative Techniques of Project Plan<br/>8.3 Instrumentation Scope of Work (ISW)<br/>8.4 Design Perspective<br/>8.5 Instrument Selection<br/>8.6 Erection and Commissioning Techniques
650 ## - SUBJECT ADDED ENTRY--TOPICAL TERM
Topical term or geographic name entry element Ethics of Final Control Element
9 (RLIN) 260569
650 ## - SUBJECT ADDED ENTRY--TOPICAL TERM
Topical term or geographic name entry element Virtual Instrumentation
9 (RLIN) 260570
650 ## - SUBJECT ADDED ENTRY--TOPICAL TERM
Topical term or geographic name entry element IISPM
9 (RLIN) 260571
650 ## - SUBJECT ADDED ENTRY--TOPICAL TERM
Topical term or geographic name entry element Material Management
9 (RLIN) 260572
650 ## - SUBJECT ADDED ENTRY--TOPICAL TERM
Topical term or geographic name entry element Based on True Practical and Theoretical Analysis
9 (RLIN) 260577
650 ## - SUBJECT ADDED ENTRY--TOPICAL TERM
Topical term or geographic name entry element Instrumentation Network
9 (RLIN) 260573
942 ## - ADDED ENTRY ELEMENTS (KOHA)
Source of classification or shelving scheme Dewey Decimal Classification
Koha item type Book
Holdings
Withdrawn status Lost status Source of classification or shelving scheme Damaged status Not for loan Collection code Home library Current library Date acquired Source of acquisition Cost, normal purchase price Total Checkouts Full call number Barcode Date last seen Cost, replacement price Price effective from Koha item type
    Dewey Decimal Classification     Computer Science and Engineering St Aloysius Engineering Library St Aloysius Engineering Library 04/06/2026 Vidyarthi Books, Bengaluru-560076 195.00   670.42 CHAI SE000432 04/07/2026 260.00 02/20/2026 Book